| 000 | 00588nam a22002052 4500 | ||
|---|---|---|---|
| 001 | 0000001411 | ||
| 005 | 20151217151816.0 | ||
| 008 | 070308s xx 000 0 eng d | ||
| 020 | _a1559634480 : | ||
| 040 |
_aKABU _cKABU |
||
| 050 | 0 |
_aHC79 _b.E5H46 |
|
| 100 | 1 |
_aHempel, Lamont C. _@0000150127 |
|
| 245 | 1 | 0 |
_aEnvironmental governance : _bthe global challenge. |
| 260 |
_aWashington, DC : _bIsland Press, _c1996. |
||
| 300 | _axviii, 291 p. | ||
| 650 | 0 |
_aEnvironmental policy. _@0000149751 |
|
| 908 | _a070308 | ||
| 950 | _@1 | ||
| 999 |
_c5242 _d5242 |
||